Oranges: All about them (Record no. 34839)

MARC details
000 -LEADER
fixed length control field 00347nam a2200133Ia 4500
082 ## - DEWEY DECIMAL CLASSIFICATION NUMBER
Classification number 634.31
Item number SIL
100 ## - MAIN ENTRY--AUTHOR NAME
Personal name SILVERSTEIN, Alvin
245 #0 - TITLE STATEMENT
Title Oranges: All about them
260 ## - PUBLICATION, DISTRIBUTION, ETC. (IMPRINT)
Place of publication New Jersey
Name of publisher Prentice Hall
Year of publication 1975
650 ## - SUBJECT ADDED ENTRY--TOPICAL TERM
Topical Term Orange cultivation
700 ## - ADDED ENTRY--PERSONAL NAME
Personal name SILVERSTEIN, V B
942 ## - ADDED ENTRY ELEMENTS (KOHA)
Koha item type Books
Holdings
Withdrawn status Lost status Damaged status Not for loan Home library Current library Date acquired Full call number Accession Number Koha item type
        RRII Library RRII Library 16/12/2021 634.31 SIL 15266 Books